|
|
|
|
| LEADER |
00000nab a2200000 a 4500 |
| 001 |
vtls001027937 |
| 003 |
SK-MaSNL |
| 005 |
20260303174239.0 |
| 008 |
040720e19950000xo 0 slo |
| 035 |
|
|
|a SL6491
|
| 040 |
|
|
|a SLLK
|b slo
|c SLLK
|e AACR2
|
| 041 |
0 |
|
|a slo
|
| 044 |
|
|
|a xo
|c SK
|
| 080 |
|
|
|a 394.5
|2 1981
|
| 080 |
|
|
|a 264
|2 1981
|
| 080 |
|
|
|a 235.3
|2 1981
|
| 100 |
1 |
|
|a Valenčík, Vincent,
|d 1932-
|4 aut
|9 38472
|
| 245 |
1 |
0 |
|a Litmanová
|b piaty február 1995
|
| 650 |
0 |
7 |
|a púte
|2 SLLK
|9 1968
|
| 650 |
0 |
7 |
|a pútnické miesta
|2 SLLK
|9 3031
|
| 650 |
0 |
7 |
|a reportáže
|2 SLLK
|9 75670
|
| 651 |
|
7 |
|a Litmanová (Slovensko)
|2 SLLK
|9 55694
|
| 651 |
|
7 |
|a SL,
|2 SLLK
|9 1022390
|
| 655 |
|
7 |
|a periodikum
|2 snkbucl
|9 29553
|
| 773 |
0 |
8 |
|t Poprad
|g Roč. 6, č.11 (1995), s. 5
|
| 852 |
|
|
|a ZVYKNI
|b KIS3GCP
|
| 999 |
|
|
|c 2095746
|d 2097676
|